Χριστούγεννα στο Δάσος - Το Λεξικό των Υλικών - Στο Μουσείο Ολοταχώς - Κατασκευές για τα Χριστούγεννα και την Πρωτοχρονιά και την Ημέρα των Δικαιωμάτων του Παιδιού (Record no. 9495)
[ view plain ]
| 000 -LEADER | |
|---|---|
| fixed length control field | 02106cam a22001814a 4500 |
| 005 - ΗΜΕΡΟΜΗΝΙΑ ΚΑΙ ΩΡΑ ΤΕΛΕΥΤΑΙΑΣ ΕΝΗΜΕΡΩΣΗΣ | |
| Πεδίο ελέγχου | 20250605164402.0 |
| 008 - FIXED-LENGTH DATA ELEMENTS--GENERAL INFORMATION | |
| Πεδίο ελέγχου σταθερού μήκους | 250528s ||||||||||||||||||||||||d |
| 035 ## - SYSTEM CONTROL NUMBER | |
| System control number | 24626 |
| 040 ## - ΠΗΓΗ ΚΑΤΑΛΟΓΟΓΡΑΦΗΣΗΣ | |
| Φορέας πρωτότυπης καταλογογράφησης | MC Athens Campus Library |
| Γλώσσα καταλογογράφησης | Ελληνικά, Μοντέρνα (1453-) |
| Modifying agency | MC Athens Campus Library |
| Κανόνες περιγραφικής καταλογογράφησης | AACR2 |
| 245 1# - ΤΙΤΛΟΣ ΚΑΙ ΔΗΛΩΣΗ ΥΠΕΥΘΥΝΟΤΗΤΑΣ | |
| Τίτλος | Χριστούγεννα στο Δάσος - Το Λεξικό των Υλικών - Στο Μουσείο Ολοταχώς - Κατασκευές για τα Χριστούγεννα και την Πρωτοχρονιά και την Ημέρα των Δικαιωμάτων του Παιδιού |
| 260 ## - PUBLICATION, DISTRIBUTION, ETC. | |
| Name of publisher, distributor, etc. | Δημιουργικό Εργαστήρι, |
| Date of publication, distribution, etc. | 2012 |
| 300 ## - PHYSICAL DESCRIPTION | |
| Extent | 58 |
| 520 ## - SUMMARY, ETC. | |
| Summary, etc. | Χριστούγεννα στο Δάσος, Κουτί για Κάλαντα, Ένας Άγγελος από Πιατάκι του Πάρτι, Κάρτα Χιονοστιβάδα, Κάρτα Cupcake, Κάρτα με Χριστουγεννίατικες Μπάλες, Κάρτα με Χριστουγεννιάτικο Δέντρο, Στρογγυλή Κάρτα Χιονάνθρωπος, Κάρτα με Κινούμενο Τάρανδο, Κάρτα με Κινούμενο Άγιο Βασίλη, Άγιος Βασίλης, Κάρτα Τάρανδος, Κάρτα με Κινούμενο Χιονάνθρωπο, Κάρτα με Πολικές Αρκούδες, Χριστουγεννιάτικο Στεφάνι, Όλα τα Παιδιά της Γης, Σοκολατένιο Ανθρωπάκι, Μπισκοτόσπιτο Κουτί Κατασκευών, Χριστουγεννιάτικο Μπισκοτοχωριό, Δέντρο Ημερολόγιο, Μπάλες Δέντρου από Χρωματιστό Χόρτο, Φυσικό Στολίδι, Ημερολόγιο Κορμός, Ζυμαρένια Αρωματική Κουλτούρα, Χιονόμπαλα, Καραβάκια από Πυλό, Χιονάνθρωπος, Αρκουδάκια από Αλατοζύμη, Κουτί Ξωτικό, Ένας Σκανταλιάρης Καλλικάνταρος. |
| 700 1# - ΠΡΟΣΘΕΤΗ ΑΝΑΓΡΑΦΗ--ΦΥΣΙΚΟ ΠΡΟΣΩΠΟ | |
| Personal name | Βασδέκη Κυριακή |
| 9 (RLIN) | 9498 |
| 942 ## - ADDED ENTRY ELEMENTS (KOHA) | |
| Koha item type | Περιοδικά Δημοσιεύματα |
| Τύπος τεκμηρίου | Βιβλιοθήκη | Τρέχουσα τοποθεσία | Barcode | Ημερομηνία απόκτησης | Ταξιθετικό σύμβολο | Αριθμός αντιτύπου | Αρίθμηση σειρών / χρονολογία | Κατάσταση απόσυρσης | Κατάσταση χαμένου | Κατάσταση κατεστραμμένου | Μη δανεισμός | Σύνολο δανεισμών | Ημερομηνία τελευταίας εμφάνισης | Η τιμή ισχύει από |
|---|---|---|---|---|---|---|---|---|---|---|---|---|---|---|
| Περιοδικά Δημοσιεύματα | MC Athens Campus Library | MC Athens Campus Library | 9780000094940 | 05/06/2025 | ΕΡΓΑΣΤΗΡΙ | 1 | 66 | 05/06/2025 | 05/06/2025 |